000 00473nam a2200145Ia 4500
008 100122s9999 xx 000 0 und d
082 _b44554
_a823.08
100 _aअक्षीकर श्री के
245 _aकन्सल्टिंग रूम
260 _bनीहारा प्रकाशन
_c1990
300 _a106
630 _aकन्सल्टिंग रूम
730 _aकन्सल्टिंग रूम
942 _cBOOK
999 _c424291
_d424288